| 000 | 01689nam a22003137a 4500 | ||
|---|---|---|---|
| 008 | 090123t xxu||||| |||| 00| 0 eng d | ||
| 010 | _aENG-92598 | ||
| 020 |
_c325.00 _a8190402978 |
||
| 035 | _aEN-76131 | ||
| 037 | _bDBAD / PUB | ||
| 040 |
_adpl _bEnglish |
||
| 082 | _a250.38 | ||
| 111 |
_aSeminar on Buddhist Literary Heritage in India: Text and Context _cCalcutta, India _d2005 |
||
| 245 |
_aBuddhist literary heritage in India: _cedited by Ratna Basu _btext and context / |
||
| 260 |
_aNew Delhi _bNational Mission for Manuscripts _bMunshiram Manoharlal Publishers, _c2007 |
||
| 270 |
_a5, Rajendra Prasad Road, _bNew Delhi _e110001 |
||
| 300 |
_axxiii, 158 p., [8] p. of plates (some folded): _c22m (Hb) _bcol. ill. |
||
| 490 | _aSamiksika series no.1 | ||
| 500 | _aIncludes bibliographical references | ||
| 520 | _a Contributed articles presented at the Seminar on Buddhist Literary Heritage in India: Text and Context held in July 2005 in Kolkata under the coordination of Calcutta University Manuscript Resource Centre in collaboration with The Asiatic Society, Kolkat | ||
| 546 |
_aIncludes passages in Pali and Sanskrit _b(Pali and Sanskrit also in roman) |
||
| 650 |
_aBuddhist literature _zIndia _xHistory and criticism _vCongresses. |
||
| 700 | _aBasu, Ratna | ||
| 710 | _a National Mission for Manuscripts (India) | ||
| 710 | _a Calcutta University Manuscript Resource Centre. | ||
| 710 | _aAsiatic Society (Calcutta, India) | ||
| 942 |
_2ddc _cEN _mBUD _h250.38 |
||
| 999 |
_c22383 _d22383 |
||